El parricidio de María Muñoz (Record no. 111177)

MARC details
000 -LEADER
campo de control de longitud fija 01882nam a2200457 i 4500
001 - NÚMERO DE CONTROL
campo de control MOR01000111506
003 - IDENTIFICADOR DE NÚMERO DE CONTROL
campo de control $$amxcmmo
005 - FECHA Y HORA DE LA ÚLTIMA TRANSACCIÓN
campo de control 20260331231301.0
008 - DATOS DE LONGITUD FIJA--INFORMACIÓN GENERAL
campo de control de longitud fija 230622e202212 cl a g bi 000 0 spa d
020 ## - NÚMERO INTERNACIONAL ESTÁNDAR DEL LIBRO
Número Internacional Estándar del Libro 9789569645686
035 ## - NÚMERO DE CONTROL DEL SISTEMA
Número de control de sistema 230438
040 ## - FUENTE DE CATALOGACIÓN
Centro catalogador/agencia de origen mxcmmo
Lengua de catalogación spa
Centro/agencia transcriptor mxcmmo
Normas de descripción rda
041 0# - CÓDIGO DE IDIOMA
Código de lengua del texto/banda sonora o título independiente spa
043 ## - CÓDIGO DE ÁREA GEOGRÁFICA
Código de área geográfica s-cl---
045 ## - PERIODO DE TIEMPO DEL CONTENIDO
Código de periodo de tiempo x2x2
082 04 - NÚMERO DE LA CLASIFICACIÓN DECIMAL DEWEY
Número de clasificación 364.1523
Número de ítem PAR.d
245 03 - MENCIÓN DEL TÍTULO
Título El parricidio de María Muñoz
Resto del título : reflexiones teóricas y propuestas metodológicas en la historiografía chilena actual/
Mención de responsabilidad, etc. Camilo Santibáñez Rebolledo, Lorena Ubilla Espinoza, Lorena Godoy Catalán (editores)
250 ## - MENCION DE EDICION
Mención de edición Primera edición, diciembre
264 #1 - PRODUCCIÓN, PUBLICACIÓN, DISTRIBUCIÓN, FABRICACIÓN Y COPYRIGHT
Producción, publicación, distribución, fabricación y copyright Valparaíso, Chile:
Nombre del de productor, editor, distribuidor, fabricante América en movimiento,
Fecha de producción, publicación, distribución, fabricación o copyright 2022
300 ## - DESCRIPCIÓN FÍSICA
Extensión 277 páginas:
Otras características físicas ilustraciones;
Dimensiones 21 cm
336 ## - TIPO DE CONTENIDO
Término de tipo de contenido texto
Código de tipo de contenido txt
Fuente rdacontent
337 ## - TIPO DE MEDIO
Nombre/término del tipo de medio sin medio
Código del tipo de medio n
Fuente rdamedia
338 ## - TIPO DE SOPORTE
Nombre/término del tipo de soporte volumen
Código del tipo de soporte nc
Fuente rdacarrier
490 0# - MENCIÓN DE SERIE
Mención de serie Historias en disputa
504 ## - NOTA DE BIBLIOGRAFÍA, ETC.
Nota de bibliografía, etc. Nota Incluye referencias bibliográficas
541 0# - NOTA DE FUENTE DE ADQUISICIÓN DIRECTA
Fuente de adquisición Buscalibre México
Forma de adquisición Compra
650 #7 - PUNTO DE ACCESO ADICIONAL DE MATERIA--TÉRMINO DE MATERIA
Término de materia o nombre geográfico como elemento de entrada Asesinato
Subdivisión geográfica Chile
-- Antofagasta
Subdivisión general Historiografía
-- Estudio de casos
-- Alocuciones, ensayos, conferencias
9 (RLIN) 202528
650 #7 - PUNTO DE ACCESO ADICIONAL DE MATERIA--TÉRMINO DE MATERIA
Término de materia o nombre geográfico como elemento de entrada Infanticidio
Subdivisión geográfica Chile
-- Antofagasta
Subdivisión general Estudio de casos
-- Alocuciones, ensayos, conferencias
9 (RLIN) 202529
650 #7 - PUNTO DE ACCESO ADICIONAL DE MATERIA--TÉRMINO DE MATERIA
Término de materia o nombre geográfico como elemento de entrada Mujeres
Subdivisión general Condiciones sociales
-- Estudio de casos
-- Alocuciones, ensayos, conferencias
9 (RLIN) 153508
651 #7 - PUNTO DE ACCESO ADICIONAL DE MATERIA--NOMBRE GEOGRÁFICO
Nombre geográfico Chile
Subdivisión general Condiciones sociales
Subdivisión cronológica 1920-
9 (RLIN) 69989
700 1# - ENTRADA AGREGADA--NOMBRE PERSONAL
Nombre de persona Godoy Catalán, Lorena
Término indicativo de función/relación editor
9 (RLIN) 202530
700 1# - ENTRADA AGREGADA--NOMBRE PERSONAL
Nombre de persona Santibáñez Rebolledo, Camilo
Término indicativo de función/relación editor
9 (RLIN) 202531
700 1# - ENTRADA AGREGADA--NOMBRE PERSONAL
Nombre de persona Ubilla Espinoza, Lorena
Término indicativo de función/relación editor
9 (RLIN) 202532
900 ## - ELEMENTOS DE DATOS A LOCAL, LDA (RLIN)
Nombre de persona BERENICE
Numeración 40
Títulos y otros términos asociados al nombre 20230719
Lenguaje de la obra MOR01
-- 1513
900 ## - ELEMENTOS DE DATOS A LOCAL, LDA (RLIN)
Nombre de persona CATY
Numeración 30
Títulos y otros términos asociados al nombre 20230713
Lenguaje de la obra MOR01
-- 1103
900 ## - ELEMENTOS DE DATOS A LOCAL, LDA (RLIN)
Nombre de persona LUIS
Numeración 20
Títulos y otros términos asociados al nombre 20230622
Lenguaje de la obra MOR01
-- 1149
900 ## - ELEMENTOS DE DATOS A LOCAL, LDA (RLIN)
Nombre de persona LUIS
Numeración 20
Títulos y otros términos asociados al nombre 20230622
Lenguaje de la obra MOR01
-- 1149
900 ## - ELEMENTOS DE DATOS A LOCAL, LDA (RLIN)
Nombre de persona VOBO
Numeración 40
Títulos y otros términos asociados al nombre 20230809
Lenguaje de la obra MOR01
-- 1440
904 ## - ELEMENTOS DE DATOS D LOCAL, LDD (RLIN)
a UPDATE
942 ## - ELEMENTOS DE ENTRADA SECUNDARIOS (KOHA)
Código de la institución [OBSOLETO] BK
901 ## - ELEMENTOS DE DATOS A LOCAL LDA (RLIN)
a batch batch
Holdings
Estatus retirado Estado de pérdida Fuente del sistema de clasificación o colocación Especificación de materiales (volumen encuadernado u otra parte) Estado de daño No para préstamo Colección Biblioteca de origen Biblioteca actual Ubicación en estantería Fecha de adquisición Número de inventario Total de préstamos Signatura topográfica completa Código de barras Visto por última vez Precio de reemplazo Tipo de ítem Koha
    Clasificación Decimal Dewey COMPRA.BUSCALIBRE.F. BVTEST/14790     Libros (General) Biblioteca Instituto Mora Biblioteca Instituto Mora Regular 13/07/2023 138907   (G)/364.1523 PAR.d 33006801143197 03/09/2024 03/09/2024 Libro préstamo regular